<?xml version="1.0" encoding="UTF-8"?>
<record
    xmlns:xsi="http://www.w3.org/2001/XMLSchema-instance"
    xsi:schemaLocation="http://www.loc.gov/MARC21/slim http://www.loc.gov/standards/marcxml/schema/MARC21slim.xsd"
    xmlns="http://www.loc.gov/MARC21/slim">

  <leader>00432nam a22001697a 4500</leader>
  <controlfield tag="005">20260109113237.0</controlfield>
  <controlfield tag="008">260109b        |||||||| |||| 00| 0 eng d</controlfield>
  <datafield tag="022" ind1=" " ind2=" ">
    <subfield code="a">978-93-5532-611-9</subfield>
  </datafield>
  <datafield tag="100" ind1=" " ind2=" ">
    <subfield code="a">RUDIN, WALTER</subfield>
  </datafield>
  <datafield tag="245" ind1=" " ind2=" ">
    <subfield code="a">REAL AND COMPLEX ANALYSIS</subfield>
  </datafield>
  <datafield tag="250" ind1=" " ind2=" ">
    <subfield code="a">3RD ED</subfield>
  </datafield>
  <datafield tag="260" ind1=" " ind2=" ">
    <subfield code="a">NEW YORK</subfield>
    <subfield code="b">MCGRAW HILL</subfield>
    <subfield code="c">1987</subfield>
  </datafield>
  <datafield tag="300" ind1=" " ind2=" ">
    <subfield code="a">XIV, 416P.</subfield>
  </datafield>
  <datafield tag="500" ind1=" " ind2=" ">
    <subfield code="a">INCLUDES INDEX</subfield>
  </datafield>
  <datafield tag="650" ind1=" " ind2=" ">
    <subfield code="a">MATHEMATICAL ANALYSIS</subfield>
  </datafield>
  <datafield tag="942" ind1=" " ind2=" ">
    <subfield code="2">lcc</subfield>
    <subfield code="c">BK</subfield>
  </datafield>
  <datafield tag="999" ind1=" " ind2=" ">
    <subfield code="c">216439</subfield>
    <subfield code="d">216439</subfield>
  </datafield>
  <datafield tag="952" ind1=" " ind2=" ">
    <subfield code="0">0</subfield>
    <subfield code="1">0</subfield>
    <subfield code="2">lcc</subfield>
    <subfield code="4">0</subfield>
    <subfield code="6">QA0300 R83  01987</subfield>
    <subfield code="7">0</subfield>
    <subfield code="8">SCT</subfield>
    <subfield code="9">374419</subfield>
    <subfield code="a">KSUL</subfield>
    <subfield code="b">KSUL</subfield>
    <subfield code="c">DISPLAY</subfield>
    <subfield code="d">2026-01-09</subfield>
    <subfield code="i">110848</subfield>
    <subfield code="l">0</subfield>
    <subfield code="o">QA 300 .R83 1987</subfield>
    <subfield code="p">000000024764</subfield>
    <subfield code="r">2026-01-09 11:34:41</subfield>
    <subfield code="t">C.1</subfield>
    <subfield code="w">2026-01-09</subfield>
    <subfield code="y">BK</subfield>
  </datafield>
  <datafield tag="952" ind1=" " ind2=" ">
    <subfield code="0">0</subfield>
    <subfield code="1">0</subfield>
    <subfield code="2">lcc</subfield>
    <subfield code="4">0</subfield>
    <subfield code="6">QA0300 R83  01987</subfield>
    <subfield code="7">0</subfield>
    <subfield code="8">SCT</subfield>
    <subfield code="9">374420</subfield>
    <subfield code="a">KSUL</subfield>
    <subfield code="b">KSUL</subfield>
    <subfield code="c">DISPLAY</subfield>
    <subfield code="d">2026-01-09</subfield>
    <subfield code="i">110849</subfield>
    <subfield code="l">0</subfield>
    <subfield code="o">QA 300 .R83 1987</subfield>
    <subfield code="p">000000024763</subfield>
    <subfield code="r">2026-01-09 11:34:00</subfield>
    <subfield code="t">C.2</subfield>
    <subfield code="w">2026-01-09</subfield>
    <subfield code="y">BK</subfield>
  </datafield>
  <datafield tag="952" ind1=" " ind2=" ">
    <subfield code="0">0</subfield>
    <subfield code="1">0</subfield>
    <subfield code="2">lcc</subfield>
    <subfield code="4">0</subfield>
    <subfield code="6">QA0300 R83  01987</subfield>
    <subfield code="7">0</subfield>
    <subfield code="8">SCT</subfield>
    <subfield code="9">374421</subfield>
    <subfield code="a">KSUL</subfield>
    <subfield code="b">KSUL</subfield>
    <subfield code="c">DISPLAY</subfield>
    <subfield code="d">2026-01-09</subfield>
    <subfield code="i">110850</subfield>
    <subfield code="l">0</subfield>
    <subfield code="o">QA 300 .R83 1987</subfield>
    <subfield code="p">000000024762</subfield>
    <subfield code="r">2026-01-09 11:34:00</subfield>
    <subfield code="t">C.3</subfield>
    <subfield code="w">2026-01-09</subfield>
    <subfield code="y">BK</subfield>
  </datafield>
  <datafield tag="952" ind1=" " ind2=" ">
    <subfield code="0">0</subfield>
    <subfield code="1">0</subfield>
    <subfield code="2">lcc</subfield>
    <subfield code="4">0</subfield>
    <subfield code="6">QA0300 R83  01987</subfield>
    <subfield code="7">0</subfield>
    <subfield code="8">SCT</subfield>
    <subfield code="9">374422</subfield>
    <subfield code="a">KSUL</subfield>
    <subfield code="b">KSUL</subfield>
    <subfield code="c">DISPLAY</subfield>
    <subfield code="d">2026-01-09</subfield>
    <subfield code="i">110851</subfield>
    <subfield code="l">0</subfield>
    <subfield code="o">QA 300 .R83 1987</subfield>
    <subfield code="r">2026-01-09 11:34:00</subfield>
    <subfield code="t">C.4</subfield>
    <subfield code="w">2026-01-09</subfield>
    <subfield code="y">BK</subfield>
  </datafield>
</record>
